|
|
|
|
| LEADER |
00000nam0a2200000 4500 |
| 001 |
366834 |
| 005 |
20250924143506.0 |
| 035 |
|
|
|a (RuTPU)RU\TPU\retro\24197
|
| 090 |
|
|
|a 366834
|
| 100 |
|
|
|a 20220221d1979 km y0rusy50 ca
|
| 101 |
0 |
|
|a rus
|
| 102 |
|
|
|a RU
|
| 105 |
|
|
|a a z 001zy
|
| 200 |
1 |
|
|a Радиочастотные кабели высокой регулярности
|f Н. И. Дорезюк, М. Ф. Попов
|
| 210 |
|
|
|a Москва
|c Связь
|d 1979
|
| 215 |
|
|
|a 104 с.
|c ил.
|
| 320 |
|
|
|a Библиогр.: с. 101-103
|
| 606 |
1 |
|
|a Кабели связи
|2 stltpush
|3 (RuTPU)RU\TPU\subj\69528
|9 84346
|
| 610 |
1 |
|
|a радиочастотные кабели
|
| 610 |
1 |
|
|a расчет
|
| 610 |
1 |
|
|a волновое сопротивление
|
| 610 |
1 |
|
|a расчет
|
| 610 |
1 |
|
|a коаксильные кабели
|
| 610 |
1 |
|
|a частотные характеристики
|
| 610 |
1 |
|
|a изготовление
|
| 610 |
1 |
|
|a широкополосные кабели
|
| 610 |
1 |
|
|a конструкции
|
| 675 |
|
|
|a 621.39.052
|v 4
|
| 700 |
|
1 |
|a Дорезюк
|b Н. И.
|g Нелли Ивановна
|
| 701 |
|
1 |
|a Попов
|b М. Ф.
|g Михаил Федорович
|
| 801 |
|
1 |
|a RU
|b 63413507
|c 20220221
|
| 801 |
|
2 |
|a RU
|b 63413507
|c 20230221
|g RCR
|
| 942 |
|
|
|c BK
|